ČSN 02 3331 Nerozebíratelné Gallovy řetězy. Neplatná! Změna

Podrobná bibliografia
Médium: Kniha
Jazyk:neznámy jazyk
Fyzický popis:4 s.
Vydavateľské údaje: Praha ÚNM 1964

MARC

LEADER 00000nam a2200000 a 4500
001 vtls001295682
003 SK-MaSNL
005 20260223171958.0
008 210928s1964 xx 0 und
035 |a SNK000247500 
040 |a SNK  |b slo  |c SNK  |e AACR2 
245 1 |a ČSN 02 3331 Nerozebíratelné Gallovy řetězy. Neplatná!  |b Změna 
260 |a Praha  |b ÚNM  |c 1964 
300 |a 4 s. 
958 |a OND 
999 |c 629252  |d 631182 
952 |t P60, <04>, [BOOK], {604}  |a SNK  |b SNK  |y VYP  |7 0  |p 17A0080077  |o snkČSN 02 3331  |0 0  |1 0  |4 0  |d 1997-07-22  |l 0  |r 2005-01-02 00:00:00  |w 2026-02-23